MDQL
is popping MORE tags! Check the
thread
!
Quizzes
Events
Quiz Creation
Community
Videos
Private Events
Remove Ads
Sign In
Join for FREE
Feedback
Dark Mode
Quiz Categories
Sports
Geography
Music
Movies
Television
Just For Fun
Miscellaneous
History
Literature
Language
Science
Gaming
Entertainment
Religion
Holiday
For Kids
Quiz Lab
Recent
Popular Today
Quiz Kudos Today
Editor Picks
Curator Picks
Quizzes by...
Day
Popularity
Type
Ratings
Length
Year
Community
Subscriptions
Recent Discussions
Orange Saloon
Badges
Playlists
Quests
Create
Leaderboards
Showdown
Live 5
Trivia Bingo
Activity
Puzzle Library
Sporcle Events
Private Events
Virtual Trivia
Globe League
Become a Host
Pub Owners
SporcleCon
Opinionation
Our Games
Videos
Blog
Mobile Apps
Partnerships
Remove Ads and Go Orange
Feedback
Sports
Athletes
MLB
NBA
NHL
NFL
Soccer
Sports Teams
WWE
NCAA
Football
Premier League
Basketball
Baseball
Hockey
Golf
Tennis
Cricket
Rugby
Auto Racing
Olympics
World Cup
Sports
Athletes
MLB
NBA
NHL
NFL
Soccer
Sports Teams
WWE
NCAA
Football
Premier League
Basketball
Baseball
Hockey
Golf
Tennis
Cricket
Rugby
Auto Racing
Olympics
World Cup
Random Quiz
Search Sporcle
×
Quiz Lab
Quiz Lab
Sports
Vote
Type in answers that appear in a list
Type in answers that appear in a list
Classic
Best Score? Go Orange.
Milwaukee Brewer Award Winners Stats
Can you name the Milwaukee Brewers who have received ever received votes in the major award categories?
By
badgerbob
10m
59 Questions
439 Plays
439 Plays
439 Plays
Comments
Comments
Give Quiz Kudos
Give Quiz Kudos
-
- Ratings
hide this ad
More Info
Replay
Link that replays current quiz
Next Quiz
Link to next quiz in quiz playlist
You Got
0%
They Got
Avg Score
46%
Avg Friend Score
Upgrade to see
Score Distribution
Jump to the score distribution portion of the page
Score
0/59
Timer
10:00
0
Plays Today
Votes
Name
% Correct
704
Robin Yount
97.5%
498
Prince Fielder
97.3%
2
Prince Fielder
97.3%
184
Ryan Braun
97%
128
Ryan Braun
97%
326
Paul Molitor
92.3%
3
Paul Molitor
92.3%
331
Rollie Fingers
84.3%
126
Rollie Fingers
84.3%
1
Ben Sheets
82.7%
383
Cecil Cooper
81.5%
131
Gorman Thomas
76.1%
21
Richie Sexson
66.1%
8
Pat Listach
66.1%
122
Pat Listach
66.1%
7
Teddy Higuera
63.3%
47
Teddy Higuera
63.3%
67
Teddy Higuera
63.3%
11
Pete Vuckovich
62.9%
95
Pete Vuckovich
62.9%
27
Ben Oglivie
60.4%
4
Jeromy Burnitz
60.1%
121
CC Sabathia
59.2%
9
CC Sabathia
59.2%
9
Ned Yost
52.8%
4
Ted Simmons
48.5%
41
Mike Caldwell
45.1%
76
Mike Caldwell
45.1%
10
Don Money
43.3%
122
Phil Garner
42.6%
Votes
Name
% Correct
19
Carlos Lee
41.2%
3
Dan Plesac
41.2%
97
George Scott
41%
3
Rickie Weeks
39.9%
81
Scott Podsednik
37.6%
22
Cal Eldred
37.1%
80
Tommy Harper
33%
201
Larry Hisle
31.2%
93
Tom Trebelhorn
30.8%
1
Dale Sveum
30.1%
18
Sixto Lezcano
29.6%
18
Casey McGehee
28.5%
5
Doug Jones
26%
11
Dave Parker
24.6%
2
Darrell Porter
21%
65
Dave May
18.9%
1
Jose Valentin
15.9%
1
Jeff D'Amico
14.4%
29
Ernest Riles
14.1%
6
Johnny Briggs
13.9%
22
Don August
13.9%
13
Ken Sanders
10.9%
1
Alex Sanchez
9.6%
3
Pedro Garcia
7.7%
1
Doug Henry
5.5%
3
Tom Murphy
2.5%
5
Bill Parsons
2.3%
1
Steve Sparks
1.8%
2
Jim Colbourn
1.6%
Quiz Playlist
Details
Report
Send in Message
Add To Playlist
More Info:
The number listed is the total number of votes/points received over their entire career and may include multiple seasons.
Classic:
Type in answers that appear in a list
Last Updated: Feb 16, 2017
Quiz Scoreboard
CHALLENGE
Sign Up to Join the Scoreboard
Show All
Scores
Hide
Comments
May contain spoilers
Recently Published
Find the 'City' Movie
by crazypaving
Movies
60s
5x2 Blitz: Bands
by SL_Kpop136
Music
30s
Colored Red Africa Blitz
by spor1
Geography
30s
More to Explore
Quiz From the Vault
Featured Blog Post
14 Easter Pick-up Lines to Find Eggs With
hide this ad
You Might Also Like...
Tags
Award
Brewer
Category
Ever
major
Milwaukee
Milwaukee Brewers
Received
Vote
Winner
Today's Top Quizzes in Sports
Browse Sports
hide this ad
Today's Top Quizzes in Vote
Browse Vote
Top Contributed Quizzes in Sports
1
Players with Multiple 50 Home Run Seasons
2
Criteria MLB: Left Handed Sluggers
3
MLB Players with Two .350 Batting Average Seasons
4
Who Hit More Homers?
5
Premier League Clubs since 2000 (minefield)
6
Who Needs Fielders?
7
2020 F1 Drivers Logic Puzzle
8
Les entraîneurs de l'OM et du PSG au 21e siècle
9
Top 10 NHL Goal Scorers of All Time
10
MLB Hall of Famer by Rings
Explore More
Trending Topics
Anime
Kpop
Disney
Harry Potter
NBA
Crossword
Marvel
Song
NFL
Soccer
Puzzle
Country
WWE
The Office
Pokémon
hide this ad
More By:
badgerbob
Quiz
Plays
Rating
Category
Featured
Created
MLB Top 5 Innings Pitched, 1996-2020
39,854
4.66
Sports
Dec 22, 2011
MLB Top 5 Strikeouts 1970-2011
16,496
4.68
Sports
Nov 10, 2011
MLB Top 5 ERA 1970-2011
15,253
4.61
Sports
Nov 7, 2011
MLB Top 5 WAR 1970-2011 (Catchers)
11,945
4.74
Sports
Jan 31, 2012
MLB Top 5 WAR 1970-2011 (SS)
10,871
4.67
Sports
Feb 3, 2012
Go to Creator's Profile
Score Distribution
Quiz Creator Spotlight
badgerbob
Follow
Send a Message
Quizzes Created
-
Created Quiz Play Count
-
More By This Creator
Popular Quizzes Today
1
Find the 'City' Movie
2
Colored Red Africa Blitz
3
5x2 Blitz: Bands
4
Find the US States - No Outlines Minefield
5
The Countries of the World
6
Find the US States
7
US States
8
9x9 Crossword: Cartoon Network
More Sports Quizzes
NFL MVP Reveal XVI
Quiz Lab
Trending Quizzes
Colored Red Europe Blitz I
Colored Red Africa Blitz II
Colored Red Europe Blitz II
Colored Red Europe Blitz III
Colored Red Africa Blitz III
Recently Updated
Famous TV Couples
Peacemaker
Champions League XIs: Real Madrid
pecheneg
Largest US Cities 1790-2010
pecheneg
Rides in Walt Disney World
pecheneg
Most Oscar Losses (Acting)
pecheneg
Beyoncé Albums
pecheneg
Leaping Animals
pecheneg
Reality TV Shows (A-Z)
bhenderson79
Rickey Henderson's Hall of Fame Teammates
pecheneg
Champions League XIs: Arsenal
pecheneg
Trending Topics
Disney
NBA
Anime
Kpop
Marvel
Crossword
Harry Potter
Song
NFL
Country
Soccer
Puzzle
WWE
The Office
Pokémon
Your Account Isn't Verified!
In order to create a playlist on Sporcle, you need to verify the email address you used during registration. Go to your
Sporcle Settings
to finish the process.
Report this User
Report this user for behavior that violates our
Community Guidelines
.
Details:
Send Report
Go to the Sporcle.com Mobile Site →
Comments